ბათუმის შოთა რუსთაველის სახელმწიფო უნივერსიტეტის ბიბლიოთეკა

ცხოველთა ქიმია. (ბიბ.ჩანაწერი № 44863)

000 -LEADER
fixed length control field 00829nam a2200229Ia 4500
001 - CONTROL NUMBER
control field 11677
003 - CONTROL NUMBER IDENTIFIER
control field GE_BSU
008 - FIXED-LENGTH DATA ELEMENTS--GENERAL INFORMATION
fixed length control field 181216s||||||||xx |||||||||||||| ||und||
040 ## - CATALOGING SOURCE
Transcribing agency GE_BSU
080 ## - UNIVERSAL DECIMAL CLASSIFICATION NUMBER
Universal Decimal Classification number 591.05
100 ## - MAIN ENTRY--PERSONAL NAME
Personal name მეგრელიძე,ო.
245 ## - TITLE STATEMENT
Title ცხოველთა ქიმია.
245 ## - TITLE STATEMENT
Remainder of title სახელმძღვ.ზოოვეტერინალური ინ–ტისა და პედინ–ტების ბიოლოგიის ფაკულტეტებისათვის.
245 ## - TITLE STATEMENT
Statement of responsibility, etc. საზ.რედ:ქ.დგებუაძე.
260 ## - PUBLICATION, DISTRIBUTION, ETC.
Place of publication, distribution, etc. თბილისი.
260 ## - PUBLICATION, DISTRIBUTION, ETC.
Name of publisher, distributor, etc. ცოდნა.
260 ## - PUBLICATION, DISTRIBUTION, ETC.
Date of publication, distribution, etc. 1964.
300 ## - PHYSICAL DESCRIPTION
Extent 449გვ;21სმ.
300 ## - PHYSICAL DESCRIPTION
Accompanying material ილ.
653 ## - INDEX TERM--UNCONTROLLED
Uncontrolled term ცხოველთა ქიმია.
942 ## - ADDED ENTRY ELEMENTS (KOHA)
Koha item type წიგნი
ეგზემპლარები
Withdrawn status Lost status Damaged status Not for loan Date acquired Barcode Date last seen Price effective from Koha item type
        2018-12-17 20373 2018-12-17 2018-12-17 წიგნი
        2018-12-17 20374 2018-12-17 2018-12-17 წიგნი